| LEADER 01174nam 2200277 a 4500 |
| 001 12334105447 |
| 003 ULIB |
| 008 030417s2551 th a sb 001 0 tha |
| 060 04 ^aWT145^bก728ส 2551
|
| 100 ^aกุลยา ตันติผลาชีวะ
|
| 245 10 ^aสูงวัยด้วยใจสุข /^cกุลยา ตันติผลาชีวะ
|
| 250 ^aพิมพ์ครั้งที่ 1
|
| 260 ^aกรุงเทพฯ :^bเรือนปัญญา,^c2551
|
| 300 ^a136 หน้า
|
| 505 0 ^tภาวะจิตใจในวัยสูงอายุ --^tปรับตัวปรับใจให้พร้อม --^tพัฒนาคุณภาพชีวิต
|
| 650 7 ^aการเกษียณอายุ
|
| 650 7 ^aผู้สูงอายุ^xการดำเนินชีวิต
|
| 913 ^aImported by ULIBM Administrator
|
| 949 ^aImport form external file by ULIBM system
|
| 999 ^aอรทัย, สุณิสา ตรวจสอบ
|